[Event "29th Rilton Cup"]
[Site "Stockholm SWE"]
[Date "1999.12.29"]
[Round "3.12"]
[White "Gratka, Krzysztof"]
[Black "Hillarp Persson, Tiger"]
[Result "1-0"]
[WhiteElo "2373"]
[BlackElo "2507"]
[EventDate "1999.12.27"]
[PlyCount "83"]

1.c4 g6 2.g3 Bg7 3.Bg2 Nf6 4.Nf3 O-O 5.O-O c6 6.Nc3 d6 7.d3 a5 8.a3 h6 9.
Rb1 d5 10.cxd5 Nxd5 11.Bd2 Kh7 12.Qc2 Bg4 13.Rfc1 Nc7 14.b4 axb4 15.axb4 
Nd7 16.Bf4 Ne6 17.Be3 f5 18.b5 f4 19.gxf4 Nxf4 20.Bxf4 Rxf4 21.bxc6 bxc6 
22.Ne4 Bxf3 23.Bxf3 Rxf3 24.exf3 Ne5 25.Kg2 Nxd3 26.Qxc6 Nxc1 27.Rxc1 Ra3 
28.Qe6 Qf8 29.Qh3 Qf4 30.Rc6 Qf5 31.Qg4 Ra4 32.Nf6+ Bxf6 33.Qxa4 h5 34.Qe4
Qg5+ 35.Kf1 Kg7 36.Rc2 Be5 37.Rc5 Kf6 38.h3 Qf4 39.Ke2 Qf5 40.Ke3 Qg5+ 41.
f4 Bxf4+ 42.Qxf4+ 1-0

[Event "29th Rilton Cup"]
[Site "Stockholm SWE"]
[Date "1999.12.29"]
[Round "3.13"]
[White "Von Bahr, Oskar"]
[Black "Votava, Jan"]
[Result "0-1"]
[WhiteElo "2240"]
[BlackElo "2497"]
[EventDate "1999.12.27"]
[PlyCount "56"]

1.e4 c5 2.Nf3 e6 3.d4 cxd4 4.Nxd4 a6 5.Bd3 Nf6 6.O-O d6 7.c4 Be7 8.Nc3 O-O
9.Kh1 b6 10.b3 Bb7 11.Bb2 Nbd7 12.Qe2 g6 13.Rad1 Nh5 14.Bb1 Rc8 15.Kg1 Rc7
16.g3 Qa8 17.f4 Re8 18.f5 Bf8 19.g4 Nhf6 20.g5 Nh5 21.Qg4 Ne5 22.Qh3 Qd8 
23.f6 h6 24.gxh6 Bxh6 25.Nf3 Qxf6 26.Nd5 exd5 27.Nxe5 Qg5+ 28.Ng4 Bc8 0-1

[Event "29th Rilton Cup"]
[Site "Stockholm SWE"]
[Date "1999.12.29"]
[Round "3.14"]
[White "Bjarnehag, Peter"]
[Black "Wedberg, Tom"]
[Result "0-1"]
[WhiteElo "2257"]
[BlackElo "2487"]
[EventDate "1999.12.27"]
[PlyCount "98"]

1.d4 Nf6 2.c4 e6 3.g3 c5 4.d5 exd5 5.cxd5 d6 6.a4 g6 7.Na3 b6 8.Bg2 Qe7 9.
Nb5 a6 10.Nc3 Bg7 11.Nf3 O-O 12.Nd2 Ra7 13.Nc4 Rb7 14.Bf4 Rd8 15.O-O Nh5 
16.Bd2 Nd7 17.g4 Nhf6 18.h3 Ne5 19.Nxe5 Qxe5 20.Qc1 b5 21.Bf4 Qe7 22.axb5 
axb5 23.Ra8 b4 24.Nb1 Nd7 25.Bg5 f6 26.Be3 Nb6 27.Ra2 Ra7 28.Rxa7 Qxa7 29.
Nd2 Qf7 30.Nc4 Nxd5 31.Rd1 Nxe3 32.Nxe3 Bh6 33.Bd5 Be6 34.Qc4 Bxd5 35.Nxd5
Kh8 36.e3 f5 37.b3 fxg4 38.Qxg4 Bg7 39.Qe4 Re8 40.Qg4 Rf8 41.f4 Re8 42.Kf2
Qa7 43.Rd2 c4 44.Qd1 c3 45.Rc2 Qd7 46.Qf3 Qf5 47.Rc1 Re4 48.Nb6 Bd4 49.Nc4
Rxf4 0-1

[Event "29th Rilton Cup"]
[Site "Stockholm SWE"]
[Date "1999.12.29"]
[Round "3.15"]
[White "Rivas Pastor, Manuel"]
[Black "Bergstroem, Rolf"]
[Result "1-0"]
[WhiteElo "2450"]
[BlackElo "2322"]
[EventDate "1999.12.27"]
[PlyCount "73"]

1.e4 d6 2.d4 Nf6 3.Bd3 e5 4.c3 d5 5.dxe5 Nxe4 6.Nf3 Nc5 7.Bc2 Bg4 8.O-O 
Nc6 9.Re1 Qd7 10.b4 Ne6 11.Nbd2 a5 12.b5 Na7 13.a4 Bh5 14.Nb3 Nc8 15.Bf5 
Nb6 16.g4 Bg6 17.Nfd4 Be7 18.f4 O-O 19.Ra2 Bxf5 20.gxf5 Nxd4 21.Nxd4 g6 
22.Kh1 c5 23.bxc6 bxc6 24.Rg2 c5 25.e6 fxe6 26.fxg6 cxd4 27.gxh7+ Kh8 28.
Rg8+ Rxg8 29.hxg8=Q+ Kxg8 30.Rg1+ Kf8 31.Qh5 e5 32.f5 Bg5 33.Ba3+ Be7 34.
Qh8+ Kf7 35.Qg7+ Ke8 36.Qg8+ Bf8 37.Qxf8# 1-0

[Event "29th Rilton Cup"]
[Site "Stockholm SWE"]
[Date "1999.12.29"]
[Round "3.16"]
[White "Burwick, Malte"]
[Black "Ernst, Thomas"]
[Result "1/2-1/2"]
[WhiteElo "2235"]
[BlackElo "2409"]
[EventDate "1999.12.27"]
[PlyCount "37"]

1.g3 c5 2.Bg2 Nc6 3.c4 g6 4.Nc3 Bg7 5.e3 e6 6.Nge2 Nge7 7.O-O O-O 8.a3 d5 
9.cxd5 Nxd5 10.Qc2 Nde7 11.Rb1 a5 12.Na2 b6 13.b4 axb4 14.axb4 cxb4 15.
Nxb4 Nxb4 16.Rxb4 Nd5 17.Rb3 Ba6 18.d3 Qd7 19.Qb1 1/2-1/2

[Event "29th Rilton Cup"]
[Site "Stockholm SWE"]
[Date "1999.12.29"]
[Round "3.17"]
[White "Karlsson, Tomas"]
[Black "Matros, Alexander"]
[Result "0-1"]
[WhiteElo "2220"]
[BlackElo "2391"]
[EventDate "1999.12.27"]
[PlyCount "76"]

1.e4 c5 2.Nc3 Nc6 3.g3 g6 4.Bg2 Bg7 5.d3 d6 6.f4 e6 7.Nf3 Nge7 8.O-O O-O 
9.Be3 Nd4 10.e5 dxe5 11.fxe5 Nef5 12.Bf2 Rb8 13.Ne4 Nxf3+ 14.Qxf3 b6 15.
Nf6+ Bxf6 16.exf6 Bb7 17.Qd1 Bxg2 18.Kxg2 Qxf6 19.g4 Qg5 20.h4 Ne3+ 21.
Bxe3 Qxe3 22.Qf3 Qxf3+ 23.Rxf3 Rbd8 24.Kg3 Rd4 25.Re1 f5 26.gxf5 exf5 27.
Rf2 Kg7 28.Rfe2 Rf7 29.a3 c4 30.dxc4 Rxc4 31.c3 Kh6 32.Re7 Rc7 33.Rxf7 
Rxf7 34.Kf4 Kh5 35.b3 h6 36.c4 g5+ 37.hxg5 hxg5+ 38.Kf3 Rd7 0-1

[Event "29th Rilton Cup"]
[Site "Stockholm SWE"]
[Date "1999.12.29"]
[Round "3.18"]
[White "Yakovich, Yury"]
[Black "Bekker-Jensen, Anne"]
[Result "1-0"]
[WhiteElo "2592"]
[BlackElo "2074"]
[EventDate "1999.12.27"]
[PlyCount "133"]

1.d4 Nf6 2.c4 g6 3.Nc3 Bg7 4.e4 d6 5.Be2 O-O 6.Bg5 Na6 7.h4 e5 8.d5 h6 9.
Be3 c6 10.h5 g5 11.f3 Nh7 12.g4 c5 13.a3 Qa5 14.Nh3 Bd7 15.Nf2 Nc7 16.Nd3 
Qa6 17.b4 b6 18.Kf2 Rfb8 19.Qd2 Qc8 20.Bd1 Bf8 21.Ba4 Qe8 22.Bxd7 Qxd7 23.
Ne2 Na6 24.a4 Be7 25.Ng3 Rc8 26.Nf5 Bf8 27.a5 Nc7 28.Rhb1 Rcb8 29.Rb2 Qc8 
30.Qc2 Qe8 31.Rba2 Kh8 32.Bd2 Nf6 33.Nb2 Kg8 34.Qc1 Nh7 35.Ra3 Qc8 36.R1a2
Kh8 37.Qd1 Qe8 38.Qa1 Kg8 39.Nd1 Nf6 40.Rb2 Qc8 41.Rab3 Nfe8 42.Qa4 Na6 
43.Nde3 Kh8 44.Rb1 Kg8 45.Ke2 Kh8 46.R3b2 Kg8 47.Qc6 Nac7 48.bxc5 bxc5 49.
Rb7 a6 50.Nd1 Rxb7 51.Rxb7 Rb8 52.Rb6 Kh8 53.Nc3 Qd8 54.Na4 Rc8 55.Rb7 Rb8
56.Rb6 Rc8 57.Qb7 Kg8 58.Bc3 f6 59.Kd3 Kh8 60.Kc2 Kg8 61.Rb1 Kh8 62.Qc6 
Kg8 63.Rb7 Rb8 64.Rxb8 Qxb8 65.Qd7 Kh8 66.Nb6 Kg8 67.Nc8 1-0

[Event "29th Rilton Cup"]
[Site "Stockholm SWE"]
[Date "1999.12.29"]
[Round "3.19"]
[White "Agrest, Evgenij"]
[Black "Johansson, Gunnar"]
[Result "1/2-1/2"]
[WhiteElo "2554"]
[BlackElo "2212"]
[EventDate "1999.12.27"]
[PlyCount "38"]

1.c4 c6 2.Nf3 d5 3.e3 Nf6 4.Nc3 g6 5.cxd5 cxd5 6.Bb5+ Nc6 7.Ne5 Bd7 8.Bxc6
Bxc6 9.Nxc6 bxc6 10.d4 e6 11.O-O Bd6 12.Bd2 Qb8 13.Qf3 Nd7 14.e4 Bxh2+ 15.
Kh1 Bd6 16.Bh6 Bf8 17.Bf4 Bd6 18.Bh6 Bf8 19.Bf4 Bd6 1/2-1/2

[Event "29th Rilton Cup"]
[Site "Stockholm SWE"]
[Date "1999.12.29"]
[Round "3.20"]
[White "Socko, Bartosz"]
[Black "Olsson, Anders"]
[Result "1/2-1/2"]
[WhiteElo "2543"]
[BlackElo "2206"]
[EventDate "1999.12.27"]
[PlyCount "39"]

1.e4 e6 2.d4 d5 3.Nc3 Bb4 4.e5 c5 5.a3 Bxc3+ 6.bxc3 Qc7 7.Nf3 b6 8.a4 Ba6 
9.Bb5+ Bxb5 10.axb5 Ne7 11.O-O O-O 12.Qd3 h6 13.Ra4 Nd7 14.Ba3 Rfc8 15.c4 
dxc4 16.Rxc4 a6 17.bxa6 Rxa6 18.dxc5 bxc5 19.Bb2 Ra2 20.Qb3 1/2-1/2

[Event "29th Rilton Cup"]
[Site "Stockholm SWE"]
[Date "1999.12.29"]
[Round "3.21"]
[White "Bergqvist, Mats"]
[Black "Macieja, Bartlomiej"]
[Result "0-1"]
[WhiteElo "2184"]
[BlackElo "2542"]
[EventDate "1999.12.27"]
[PlyCount "46"]

1.d4 Nf6 2.c4 e6 3.Nc3 Bb4 4.Qc2 c5 5.dxc5 O-O 6.Nf3 Na6 7.e3 Nxc5 8.Bd2 
b6 9.a3 Bxc3 10.Bxc3 a5 11.b4 Nce4 12.Bb2 Qe7 13.Qb3 axb4 14.axb4 Rxa1+ 
15.Bxa1 Ng4 16.Be2 Ngxf2 17.O-O Ng4 18.Bd4 Qd6 19.Rd1 Qc7 20.Bd3 Bb7 21.
Qc2 Nef2 22.Ne5 f5 23.h3 Nxh3+ 0-1

[Event "29th Rilton Cup"]
[Site "Stockholm SWE"]
[Date "1999.12.29"]
[Round "3.25"]
[White "Sjoeberg, Mats"]
[Black "Saefholm, Sten"]
[Result "1-0"]
[WhiteElo "2348"]
[BlackElo "2150"]
[EventDate "1999.12.27"]
[PlyCount "51"]

1.d4 Nf6 2.c4 e6 3.Nf3 Bb4+ 4.Nbd2 b6 5.a3 Bxd2+ 6.Bxd2 O-O 7.Bg5 Bb7 8.e3
h6 9.Bh4 d6 10.Be2 a5 11.O-O Nbd7 12.Nd2 g5 13.Bg3 Kg7 14.Bd3 Rh8 15.f4 
Qg8 16.e4 gxf4 17.Rxf4 e5 18.Rg4+ Nxg4 19.Qxg4+ Kf8 20.Qxd7 Qg5 21.Rf1 Rh7
22.dxe5 Qxd2 23.e6 Qe3+ 24.Kh1 Qxd3 25.e7+ Kg7 26.Rxf7+ 1-0

[Event "29th Rilton Cup"]
[Site "Stockholm SWE"]
[Date "1999.12.29"]
[Round "3.26"]
[White "Nystroem, Ragnar"]
[Black "Bartel, Mateusz"]
[Result "0-1"]
[WhiteElo "2145"]
[BlackElo "2343"]
[EventDate "1999.12.27"]
[PlyCount "172"]

1.e4 e6 2.d4 d5 3.Nc3 Bb4 4.e5 c5 5.a3 Bxc3+ 6.bxc3 Ne7 7.Nf3 Nbc6 8.g3 
Qa5 9.Bd2 Bd7 10.Bg2 Qa6 11.Qe2 Qxe2+ 12.Kxe2 c4 13.Rab1 O-O-O 14.Nh4 f6 
15.f4 h6 16.Rbf1 fxe5 17.fxe5 g5 18.Nf3 Be8 19.Bh3 Kd7 20.Ne1 Bg6 21.Rf6 
Bf5 22.g4 Bg6 23.Bg2 Rdg8 24.h4 gxh4 25.Rxh4 h5 26.gxh5 Bxh5+ 27.Kf2 Bg6 
28.Rg4 Bf5 29.Rxg8 Nxg8 30.Rf8 Nce7 31.Bg5 Rh7 32.Rb8 Kc7 33.Rf8 Nh6 34.
Ke2 Ng6 35.Re8 Ng4 36.Kd1 Rh5 37.Bd2 Rh2 38.Rg8 Nh4 39.Bf3 Nf2+ 40.Kc1 
Nxf3 41.Nxf3 Rh3 42.Ng1 Rh1 43.Rg2 Ng4 44.Bf4 Kc6 45.Kb2 b5 46.Ne2 Rf1 47.
Bd2 Rf3 48.Ng1 Rf1 49.Ne2 Kd7 50.Ng3 Rf3 51.Kc1 Bg6 52.Ne2 Rf1+ 53.Kb2 Bf5
54.Ng3 Rd1 55.Re2 Bh7 56.Rg2 Bg6 57.Bg5 a5 58.Ne2 Bf5 59.Rg1 Rxg1 60.Nxg1 
Nf2 61.Bh4 Nd1+ 62.Kc1 Ne3 63.Ne2 Nxc2 64.Kb2 Ne3 65.Bg5 Ng4 66.Nc1 Bd3 
67.Bf4 Nf2 68.Na2 Be2 69.Bh6 Bd1 70.Nc1 Ke8 71.Bg5 Kd7 72.Na2 Bb3 73.Bd2 
Nd3+ 74.Kb1 Bxa2+ 75.Kxa2 Kc6 76.Kb1 b4 77.cxb4 axb4 78.axb4 Kb5 79.Kc2 
Nxb4+ 80.Kb2 Nd3+ 81.Kc3 Nf2 82.Kc2 Ne4 83.Be3 Kb4 84.Bh6 c3 85.Be3 Kc4 
86.Bg1 Nd2 0-1

[Event "29th Rilton Cup"]
[Site "Stockholm SWE"]
[Date "1999.12.30"]
[Round "4.1"]
[White "Gleizerov, Evgeny"]
[Black "Oral, Tomas"]
[Result "1/2-1/2"]
[WhiteElo "2520"]
[BlackElo "2541"]
[EventDate "1999.12.27"]
[PlyCount "49"]

1.d4 Nf6 2.c4 g6 3.Nc3 d5 4.cxd5 Nxd5 5.e4 Nxc3 6.bxc3 Bg7 7.Bb5+ c6 8.Ba4
O-O 9.Ne2 c5 10.O-O Nc6 11.Be3 Na5 12.Rb1 b6 13.dxc5 Ba6 14.Bb5 Bxb5 15.
Rxb5 Nc4 16.Bg5 h6 17.Rb4 b5 18.Bc1 Qxd1 19.Rxd1 Rfd8 20.Rxd8+ Rxd8 21.f4 
a6 22.a4 e5 23.axb5 Bf8 24.Rxc4 axb5 25.Rd4 1/2-1/2

[Event "29th Rilton Cup"]
[Site "Stockholm SWE"]
[Date "1999.12.30"]
[Round "4.2"]
[White "Galkin, Alexander"]
[Black "Hector, Jonny"]
[Result "1/2-1/2"]
[WhiteElo "2535"]
[BlackElo "2505"]
[EventDate "1999.12.27"]
[PlyCount "39"]

1.e4 e5 2.Nf3 Nc6 3.Bb5 a6 4.Ba4 Nf6 5.O-O b5 6.Bb3 Bb7 7.d3 Bc5 8.Nc3 d6 
9.a4 b4 10.Nd5 Na5 11.Nxf6+ Qxf6 12.Ba2 h6 13.Be3 O-O 14.Nd2 Ba7 15.c3 
bxc3 16.bxc3 Bc8 17.Nc4 Nxc4 18.Bxc4 Be6 19.Bxe6 Qxe6 20.Bxa7 1/2-1/2

[Event "29th Rilton Cup"]
[Site "Stockholm SWE"]
[Date "1999.12.30"]
[Round "4.4"]
[White "Kempinski, Robert"]
[Black "Rivas Pastor, Manuel"]
[Result "1-0"]
[WhiteElo "2549"]
[BlackElo "2450"]
[EventDate "1999.12.27"]
[PlyCount "99"]

1.d4 Nf6 2.c4 e6 3.Nf3 b6 4.g3 Ba6 5.Nbd2 b5 6.b3 Bb4 7.Qc2 bxc4 8.bxc4 
Bb7 9.Bg2 Be4 10.Qb3 c5 11.O-O Bxd2 12.Bxd2 cxd4 13.Bb4 Nc6 14.Bd6 Rc8 15.
Rac1 Na5 16.Qa4 Nb7 17.Bb4 Qb6 18.Rfd1 Bxf3 19.exf3 Nc5 20.Qa3 O-O 21.Rxd4
e5 22.Rdd1 d6 23.Bd2 h6 24.Rb1 Qc7 25.Be3 Rb8 26.Rb5 Nfd7 27.f4 a6 28.Rb2 
exf4 29.Bxf4 Ne5 30.Rc2 Rfe8 31.h3 Kh8 32.Be3 Rec8 33.Qc3 Na4 34.Qd4 Rd8 
35.g4 Nc5 36.Qd5 Ne6 37.f4 Ng6 38.Rf2 Ne7 39.Qh5 Ng8 40.f5 Nc5 41.f6 Nxf6 
42.Rxf6 gxf6 43.Bd4 Kg7 44.g5 hxg5 45.Qxg5+ Kf8 46.Bxf6 Ne6 47.Qh6+ Ke8 
48.Qh7 Qxc4 49.Bd5 Qc5+ 50.Kh1 1-0

[Event "29th Rilton Cup"]
[Site "Stockholm SWE"]
[Date "1999.12.30"]
[Round "4.5"]
[White "Ivanov, Sergei"]
[Black "Westerinen, Heikki"]
[Result "1-0"]
[WhiteElo "2538"]
[BlackElo "2382"]
[EventDate "1999.12.27"]
[PlyCount "51"]

1.d4 d5 2.c4 c5 3.cxd5 Nf6 4.Nf3 cxd4 5.Qxd4 Qxd5 6.Nc3 Qa5 7.b4 e5 8.Qc4 
Bxb4 9.Qxc8+ Ke7 10.Qxh8 Bxc3+ 11.Bd2 Ne4 12.Rd1 Nc6 13.Qxa8 Qb6 14.e3 
Nxd2 15.Nxd2 Bxd2+ 16.Rxd2 Qb1+ 17.Ke2 Qb5+ 18.Kf3 e4+ 19.Kg4 Qb4 20.Be2 
Ne5+ 21.Kg3 Qxd2 22.Rd1 Qxe2 23.Qd8+ Ke6 24.Rd6+ Kf5 25.Qc8+ Kg5 26.h4+ 
1-0

[Event "29th Rilton Cup"]
[Site "Stockholm SWE"]
[Date "1999.12.30"]
[Round "4.6"]
[White "Wedberg, Tom"]
[Black "Aakesson, Ralf"]
[Result "1/2-1/2"]
[WhiteElo "2487"]
[BlackElo "2535"]
[EventDate "1999.12.27"]
[PlyCount "107"]

1.e4 c5 2.Nf3 e6 3.d4 cxd4 4.Nxd4 a6 5.Bd3 Nf6 6.O-O Qc7 7.Qe2 d6 8.f4 
Nbd7 9.c4 Be7 10.b3 O-O 11.Bb2 Re8 12.Nd2 Nc5 13.e5 Nxd3 14.exf6 Nxb2 15.
fxe7 Qc5 16.Nf3 e5 17.Qxb2 exd4 18.Rfe1 d3+ 19.Qf2 b5 20.Qxc5 dxc5 21.cxb5
axb5 22.Rac1 Bg4 23.Rxc5 Rxa2 24.Rd5 Bxf3 25.gxf3 d2 26.Rd1 f6 27.R1xd2 
Rxd2 28.Rxd2 Rxe7 29.Kf2 Rc7 30.Rd5 Rc2+ 31.Kg3 Rb2 32.Rxb5 f5 33.h4 g6 
34.h5 Kg7 35.Rb7+ Kh6 36.hxg6 Kxg6 37.Rb8 h6 38.Rb6+ Kg7 39.Rb7+ Kg6 40.
Rb5 Kf6 41.Rb6+ Kg7 42.b4 Rd2 43.Rc6 Rb2 44.Rc5 Rxb4 45.Rxf5 Kg6 46.Ra5 
Rb1 47.Ra6+ Kf5 48.Ra5+ Kg6 49.Ra6+ Kf5 50.Rxh6 Rg1+ 51.Kf2 Ra1 52.Rh4 Rb1
53.Rg4 Ra1 54.Rh4 1/2-1/2

[Event "29th Rilton Cup"]
[Site "Stockholm SWE"]
[Date "1999.12.30"]
[Round "4.8"]
[White "Votava, Jan"]
[Black "Kallio, Heikki"]
[Result "1-0"]
[WhiteElo "2497"]
[BlackElo "2360"]
[EventDate "1999.12.27"]
[PlyCount "107"]

1.e4 e5 2.Nf3 Nc6 3.Bb5 Nf6 4.O-O Nxe4 5.d4 Nd6 6.Bxc6 dxc6 7.dxe5 Nf5 8.
Qxd8+ Kxd8 9.Nc3 Ke8 10.h3 a5 11.b3 h6 12.Bb2 Be6 13.a4 Be7 14.g4 Nh4 15.
Nxh4 Bxh4 16.f4 f5 17.exf6 Bxf6 18.Rab1 Bd5 19.Rbd1 Rd8 20.Nxd5 cxd5 21.
Bxf6 gxf6 22.Rd2 Rh7 23.Re1+ Re7 24.Rxe7+ Kxe7 25.Kf2 Kf7 26.Kf3 c5 27.c3 
Rd6 28.h4 f5 29.g5 Kg6 30.h5+ Kg7 31.g6 d4 32.cxd4 cxd4 33.Ke2 Re6+ 34.Kd3
Re4 35.Re2 Rxf4 36.Re7+ Kg8 37.Rxb7 Rh4 38.b4 axb4 39.a5 Rh3+ 40.Kc4 Ra3 
41.Kxb4 Ra1 42.Rd7 Rb1+ 43.Kc5 Ra1 44.Kb5 Rb1+ 45.Kc4 Rc1+ 46.Kb4 Rb1+ 47.
Kc5 Ra1 48.Kb6 Rb1+ 49.Ka7 Rb4 50.a6 f4 51.Rb7 Ra4 52.Rb8+ Kg7 53.Rb3 Ra5 
54.Kb6 1-0

[Event "29th Rilton Cup"]
[Site "Stockholm SWE"]
[Date "1999.12.30"]
[Round "4.9"]
[White "Berg, Emanuel"]
[Black "Brynell, Stellan"]
[Result "1/2-1/2"]
[WhiteElo "2348"]
[BlackElo "2488"]
[EventDate "1999.12.27"]
[PlyCount "102"]

1.e4 e6 2.d4 d5 3.Nc3 Nf6 4.e5 Nfd7 5.f4 c5 6.Nf3 Nc6 7.Be3 cxd4 8.Nxd4 
Bc5 9.Qd2 O-O 10.O-O-O a6 11.h4 Nxd4 12.Bxd4 b5 13.h5 b4 14.Ne2 a5 15.g4 
Ba6 16.g5 Qb6 17.Ng3 Bxd4 18.Qxd4 Qxd4 19.Rxd4 Bxf1 20.Rxf1 Rac8 21.Rg1 
Rc6 22.Nf1 Rfc8 23.Ne3 Kf8 24.h6 g6 25.Kd2 Ke7 26.Ra1 Rb8 27.Ke2 Nc5 28.b3
Na6 29.a3 Nc7 30.axb4 Nb5 31.Rd2 axb4 32.Ng4 Na3 33.Nf6 Rbc8 34.Nxh7 Rxc2 
35.Nf6 R2c3 36.Rh1 Rxb3 37.h7 Rh8 38.Rc1 Nb5 39.Rc5 Nc3+ 40.Kf2 Ne4+ 41.
Nxe4 dxe4 42.Rc7+ Kf8 43.Rdd7 Rf3+ 44.Ke2 Rxf4 45.Ke3 Rf5 46.Rb7 Kg7 47.
Re7 Rxh7 48.Rxe6 Rxg5 49.Rf6 Kg8 50.Rb8+ Kg7 51.Rb7 Kg8 1/2-1/2

[Event "29th Rilton Cup"]
[Site "Stockholm SWE"]
[Date "1999.12.30"]
[Round "4.10"]
[White "Matros, Alexander"]
[Black "Nataf, Igor-Alexandre"]
[Result "1-0"]
[WhiteElo "2391"]
[BlackElo "2504"]
[EventDate "1999.12.27"]
[PlyCount "119"]

1.d4 Nf6 2.c4 g6 3.Nc3 Bg7 4.e4 d6 5.h3 O-O 6.Bg5 a5 7.Nf3 Na6 8.Be2 Qe8 
9.g4 e5 10.d5 Kh8 11.Nd2 Ng8 12.h4 f6 13.Be3 f5 14.f3 Nf6 15.a3 Bd7 16.b3 
Qc8 17.h5 f4 18.Bf2 gxh5 19.g5 Ng8 20.Rxh5 Qe8 21.Rh1 Qg6 22.Rg1 c5 23.Nb5
Rab8 24.Qc2 Rf7 25.O-O-O Bf8 26.Rg2 Be7 27.Rh1 Rg7 28.Bf1 Rc8 29.Rgg1 Rd8 
30.Bh3 Bxh3 31.Rxh3 Qf7 32.Bh4 Rg6 33.Nf1 Rd7 34.Qg2 Nc7 35.Qg4 Bd8 36.Qf5
Ne8 37.Rgh1 Ng7 38.Qg4 Ne8 39.Qf5 Ng7 40.Qg4 Ne8 41.Be1 Rxg5 42.Qe6 Rg7 
43.Bc3 Bf6 44.Qxf7 Rgxf7 45.Bxa5 Bd8 46.Bc3 Rfe7 47.b4 Bb6 48.Kc2 Ngf6 49.
Rh6 Kg7 50.Kb3 Nc7 51.Rxf6 Kxf6 52.Nxd6 Rg7 53.Nf5 Rg5 54.Rh6+ Rg6 55.Rh5 
Ne8 56.Nh2 cxb4 57.axb4 Rg2 58.Bxe5+ Kxe5 59.Nh4+ Kd4 60.Nxg2 1-0

[Event "29th Rilton Cup"]
[Site "Stockholm SWE"]
[Date "1999.12.30"]
[Round "4.11"]
[White "Handke, Florian"]
[Black "Yakovich, Yury"]
[Result "1/2-1/2"]
[WhiteElo "2361"]
[BlackElo "2592"]
[EventDate "1999.12.27"]
[PlyCount "76"]

1.d4 d5 2.c4 dxc4 3.e3 e6 4.Bxc4 c5 5.Nf3 a6 6.Qe2 b5 7.Bd3 cxd4 8.Nxd4 
Nf6 9.O-O e5 10.Nb3 e4 11.Bc2 Bd6 12.f3 exf3 13.gxf3 O-O 14.a4 bxa4 15.
Rxa4 Bd7 16.Rd4 Qe7 17.Nc3 Nc6 18.Rh4 Be6 19.Nd4 Ne5 20.Nxe6 Qxe6 21.f4 
Nc6 22.Kh1 g6 23.Qg2 Qc4 24.Rg1 Nb4 25.Rxh7 Nxc2 26.Rh6 Rfd8 27.Qxc2 Qc6+ 
28.e4 Bb4 29.Re1 Re8 30.f5 Bxc3 31.Qxc3 Qxc3 32.bxc3 Nxe4 33.Rg1 Nf2+ 34.
Kg2 Ng4 35.Rh4 Nf6 36.fxg6 fxg6 37.Ra4 Re2+ 38.Kh1 Rc2 1/2-1/2

[Event "29th Rilton Cup"]
[Site "Stockholm SWE"]
[Date "1999.12.30"]
[Round "4.12"]
[White "Sjoeberg, Mats"]
[Black "Ulybin, Mikhail"]
[Result "0-1"]
[WhiteElo "2348"]
[BlackElo "2569"]
[EventDate "1999.12.27"]
[PlyCount "78"]

1.d4 e6 2.Nf3 f5 3.g3 Nf6 4.Bg2 d5 5.O-O Bd6 6.c4 c6 7.b3 Qe7 8.Bb2 b6 9.
Nc3 O-O 10.Rc1 Nbd7 11.e3 Ba6 12.Ne2 Rac8 13.Nf4 Ne4 14.Re1 Rfd8 15.Bf1 
Bb7 16.h4 Ndf6 17.Ng5 Nxg5 18.hxg5 Ne4 19.g6 h6 20.Qh5 Rf8 21.Bg2 Rce8 22.
Nd3 Rd8 23.Red1 Qe8 24.c5 bxc5 25.dxc5 Bb8 26.Be5 Nf6 27.Qh4 Qxg6 28.Qa4 
Ng4 29.Bxb8 Rxb8 30.Qxa7 e5 31.Bf3 Qf7 32.Rd2 Qe7 33.Bxg4 fxg4 34.Qa3 Bc8 
35.Qb2 Re8 36.Re1 Bf5 37.Nc1 Be4 38.Nd3 Qg5 39.Rc1 Qh5 0-1

[Event "29th Rilton Cup"]
[Site "Stockholm SWE"]
[Date "1999.12.30"]
[Round "4.13"]
[White "Macieja, Bartlomiej"]
[Black "Couso, Luis"]
[Result "1/2-1/2"]
[WhiteElo "2542"]
[BlackElo "2334"]
[EventDate "1999.12.27"]
[PlyCount "82"]

1.e4 c5 2.Nf3 e6 3.d4 cxd4 4.Nxd4 a6 5.Nc3 Qc7 6.Bd3 Nc6 7.Nxc6 dxc6 8.f4 
e5 9.O-O Nf6 10.a4 Bd6 11.f5 b6 12.Qf3 Bb7 13.Qg3 h5 14.Qxg7 Rh7 15.Qg3 
O-O-O 16.Be2 Bc5+ 17.Be3 Bd4 18.Bxd4 exd4 19.Qxc7+ Kxc7 20.e5 Nd7 21.Ne4 
Nxe5 22.f6 c5 23.Ng5 Rhh8 24.Rf5 Rde8 25.Re1 Ng4 26.Nxf7 Rhf8 27.Ng5 Rxf6 
28.Rxf6 Nxf6 29.Kf2 Bc6 30.b3 Re3 31.h3 Be4 32.Bxa6 Rxe1 33.Kxe1 Bxc2 34.
Bc4 Ne4 35.Nxe4 Bxe4 36.g3 Kd6 37.Bf7 Bg2 38.Bxh5 Bxh3 39.Bf7 Ke5 40.Ke2 
Bg4+ 41.Kd3 Bf3 1/2-1/2

[Event "29th Rilton Cup"]
[Site "Stockholm SWE"]
[Date "1999.12.30"]
[Round "4.14"]
[White "Bellon Lopez, Juan Manuel"]
[Black "Dworakowska, Joanna"]
[Result "1-0"]
[WhiteElo "2463"]
[BlackElo "2306"]
[EventDate "1999.12.27"]
[PlyCount "63"]

1.d4 Nf6 2.Bg5 Ne4 3.Bh4 g5 4.f3 gxh4 5.fxe4 c5 6.e3 Bh6 7.d5 Bxe3 8.Nd2 
Bd4 9.c3 Bf6 10.Qh5 d6 11.Ngf3 Rg8 12.e5 dxe5 13.O-O-O Qa5 14.Nxe5 Bxe5 
15.Qxe5 Nd7 16.Qe3 Nf6 17.Bc4 Bg4 18.d6 e6 19.Rdf1 Nd7 20.h3 Bh5 21.Bxe6 
O-O-O 22.Nc4 Qa6 23.Qxc5+ Kb8 24.Qc7+ Ka8 25.Bxd7 Be2 26.Rf4 Rxd7 27.Qxd7 
Bxc4 28.Qc7 Qxa2 29.Rxc4 a6 30.d7 Qa1+ 31.Kc2 Rxg2+ 32.Kd3 1-0

[Event "29th Rilton Cup"]
[Site "Stockholm SWE"]
[Date "1999.12.30"]
[Round "4.15"]
[White "Bartel, Mateusz"]
[Black "Socko, Monika"]
[Result "1/2-1/2"]
[WhiteElo "2343"]
[BlackElo "2438"]
[EventDate "1999.12.27"]
[PlyCount "91"]

1.e4 c6 2.Nf3 g6 3.d4 Bg7 4.c3 d6 5.Bd3 Nf6 6.h3 O-O 7.O-O Nbd7 8.Qe2 e5 
9.dxe5 dxe5 10.Rd1 Nh5 11.Bc4 Qe7 12.Bg5 Ndf6 13.Qe3 Qc7 14.Nbd2 Nf4 15.
Bf1 N6h5 16.g4 Nf6 17.Nc4 h6 18.Bh4 Nh7 19.Bg3 g5 20.Qc5 Nf6 21.Qxe5 Qxe5 
22.Ncxe5 Nxe4 23.Bxf4 gxf4 24.Bc4 Be6 25.Bxe6 fxe6 26.Rd7 Nc5 27.Rd4 Rad8 
28.Rad1 Rd5 29.Rxd5 exd5 30.Ng6 Rf7 31.h4 Ne4 32.h5 b5 33.Nfe5 Bxe5 34.
Nxe5 Rf6 35.f3 Nc5 36.Ng6 a5 37.a3 Na4 38.Rd2 Nb6 39.Kf2 Nc4 40.Re2 Kg7 
41.Ke1 c5 42.Re7+ Rf7 43.Rxf7+ Kxf7 44.Nxf4 Nxb2 45.Nxd5 Nc4 46.f4 1/2-1/2

[Event "29th Rilton Cup"]
[Site "Stockholm SWE"]
[Date "1999.12.30"]
[Round "4.16"]
[White "Ernst, Thomas"]
[Black "Loegdahl, Harald"]
[Result "0-1"]
[WhiteElo "2409"]
[BlackElo "2226"]
[EventDate "1999.12.27"]
[PlyCount "116"]

1.e4 Nf6 2.e5 Nd5 3.d4 d6 4.Nf3 Bg4 5.Be2 c6 6.c4 Nb6 7.Ng5 Bxe2 8.Qxe2 
dxe5 9.dxe5 h6 10.Nf3 e6 11.O-O N8d7 12.Nc3 Qc7 13.Bf4 Be7 14.Rad1 Nc5 15.
b3 a5 16.Rd2 O-O 17.Rfd1 Rfd8 18.Nd4 Bf8 19.Bg3 Rd7 20.f4 Be7 21.Bf2 Rad8 
22.Be3 Na6 23.Nf3 Bb4 24.Rxd7 Rxd7 25.Ne4 Rxd1+ 26.Qxd1 Nd7 27.Kf1 Ndc5 
28.Nd6 Nd7 29.Bf2 Bc5 30.Bxc5 Ndxc5 31.Nd4 Qb6 32.Qh5 Qc7 33.Qg4 Qe7 34.h4
Nd3 35.g3 Nac5 36.N4f5 exf5 37.Nxf5 Qf8 38.Nxh6+ Kh7 39.Nf5 g6 40.Nd6 Qe7 
41.h5 Nxe5 42.fxe5 Qxe5 43.hxg6+ fxg6 44.Qh4+ Kg7 45.Qd8 Qf6+ 46.Qxf6+ 
Kxf6 47.Ke2 Ke5 48.Nf7+ Kd4 49.Nh8 Kc3 50.Nxg6 Kb2 51.Ne5 Kxa2 52.Nd3 Nxd3
53.Kxd3 Kxb3 54.g4 a4 55.g5 a3 56.g6 a2 57.g7 a1=Q 58.g8=Q Qc3+ 0-1

[Event "29th Rilton Cup"]
[Site "Stockholm SWE"]
[Date "1999.12.30"]
[Round "4.17"]
[White "Botsari, Ana-Maria"]
[Black "Taimanov, Mark"]
[Result "1/2-1/2"]
[WhiteElo "2309"]
[BlackElo "2407"]
[EventDate "1999.12.27"]
[PlyCount "87"]

1.d4 Nf6 2.c4 e6 3.Nc3 Bb4 4.g3 d5 5.Bg2 O-O 6.cxd5 exd5 7.Nf3 Re8 8.O-O 
c6 9.Qb3 Bd6 10.Re1 Nbd7 11.Be3 Nf8 12.Rad1 h6 13.Bc1 Qc7 14.Qc2 Be6 15.
Nh4 Qd7 16.f4 Bh3 17.Bh1 Ng6 18.Nxg6 fxg6 19.e4 dxe4 20.Nxe4 Nxe4 21.Bxe4 
Bf5 22.d5 Rxe4 23.Rxe4 Bc5+ 24.Qxc5 Bxe4 25.d6 Bd5 26.Re1 Rd8 27.Qxa7 Qh3 
28.Qf2 Rxd6 29.b3 Re6 30.Rxe6 Qxe6 31.Kf1 Qe4 32.Bd2 Be6 33.h4 Qb1+ 34.Be1
Bf5 35.Qd2 Bc2 36.b4 Qxa2 37.Qd8+ Kh7 38.Qd4 Bf5 39.Bc3 Qf7 40.Kg1 Qe7 41.
Qe5 Qd7 42.Qd4 Qf7 43.Qe5 Be6 44.Kf2 1/2-1/2

[Event "29th Rilton Cup"]
[Site "Stockholm SWE"]
[Date "1999.12.30"]
[Round "4.18"]
[White "Radziewicz, Iweta"]
[Black "Burwick, Malte"]
[Result "1/2-1/2"]
[WhiteElo "2395"]
[BlackElo "2235"]
[EventDate "1999.12.27"]
[PlyCount "89"]

1.d4 Nf6 2.c4 e6 3.Nf3 Bb4+ 4.Nbd2 b6 5.a3 Bxd2+ 6.Bxd2 Bb7 7.Bg5 h6 8.Bh4
d6 9.e3 Nbd7 10.Rc1 Qe7 11.Qc2 c5 12.Be2 e5 13.dxc5 dxc5 14.O-O O-O 15.
Rfd1 e4 16.Nd2 Rfe8 17.Nb1 Ne5 18.Nc3 g5 19.Bg3 Rad8 20.Bxe5 Qxe5 21.Rd2 
Rxd2 22.Qxd2 Re7 23.Qd8+ Re8 24.Qd2 Re7 25.Qd8+ Re8 26.Qd1 Bc6 27.b4 Re7 
28.b5 Bb7 29.Qc2 Rd7 30.a4 Rd6 31.a5 Kg7 32.axb6 axb6 33.Na4 Bc8 34.Rd1 
Bf5 35.h3 Kf8 36.Qc1 Kg7 37.Qa1 Qe7 38.Rd5 Rxd5 39.cxd5 Qd6 40.Bc4 Kg6 41.
g4 Bd7 42.Qb1 h5 43.gxh5+ Kxh5 44.Bf1 Bf5 45.Bg2 1/2-1/2